000 00338 a2200157 4500
001 61989
020 _a9788501095596
040 _cAnchieta - Pituba
100 _aSmith, L. J.
240 1 0 _aCírculo secreto
_lpor
245 1 0 _aCírculo secreto
300 _a255
362 0 _a2011
650 4 _aFicção norte-americana
942 _cBK
999 _c61989
_d61989